| 000 | 005350000a22001930004500 | ||
|---|---|---|---|
| 001 | 004606 | ||
| 003 | MACL | ||
| 005 | 20150909153359.0 | ||
| 008 | 150909b xxu||||| |||| 00| 0 eng d | ||
| 040 |
_aMACL _cMACL |
||
| 041 | _aEnglish | ||
| 082 | _a121.68 | ||
| 100 |
_aResearch, Refrence & Training Division, _99635 |
||
| 245 |
_aIndia 2002 _bA Refrence Annual _cResearch, Refrence & Training Division |
||
| 260 |
_aNew Delhi _c2002 _bPublications Division, |
||
| 350 | _a240 | ||
| 650 |
_aEpistemology _99636 |
||
| 942 |
_k122 _cBK _2ddc |
||
| 999 |
_c16493 _d16493 |
||